Catálogo de la sección vascongada de autores : (Record no. 147788)

MARC details
000 -LEADER
campo de control de longitud fija 01043nam a2200241 i 4500
001 - NÚMERO DE CONTROL
campo de control 147788
003 - IDENTIFICADOR DE NÚMERO DE CONTROL
campo de control ES-MaACL
005 - FECHA Y HORA DE LA ÚLTIMA TRANSACCIÓN
campo de control 20250902110639.0
007 - CAMPO FIJO DE DESCRIPCIÓN FÍSICA--INFORMACIÓN GENERAL
campo de control de longitud fija t|
008 - DATOS DE LONGITUD FIJA--INFORMACIÓN GENERAL
campo de control de longitud fija 071005s1965 sp ||||1| spa d
110 2# - ENTRADA PRINCIPAL--NOMBRE DE ENTIDAD CORPORATIVA
Nombre de entidad corporativa o nombre de jurisdicción como elemento de entrada Sociedad Bilbaína.
Unidad subordinada Biblioteca
9 (RLIN) 162886
245 10 - MENCIÓN DEL TÍTULO
Título Catálogo de la sección vascongada de autores :
Resto del título complementado con el de revistas y periódicos, y un índice diccionario /
Mención de responsabilidad, etc. realizado bajo la dirección de Juan Ramón de Urquijo y Olano ; redactado por Jesús Ugalde Fernández.
260 ## - PUBLICACIÓN, DISTRIBUCIÓN, ETC.
Lugar de publicación, distribución, etc. Bilbao :
Nombre del editor, distribuidor, etc. [Editorial Bilbaína],
Fecha de publicación, distribución, etc. 1965.
300 ## - DESCRIPCIÓN FÍSICA
Extensión 2 v. ;
Dimensiones 23 cm.
500 ## - NOTA GENERAL
Nota general Precede al tít.: Biblioteca de la Sociedad Bilbaína.
505 8# - NOTA DE CONTENIDO CON FORMATO
Nota de contenido con formato T. 1. A-K (XI p., 726 p.) -- T. 2. L-Z (729 p.)
610 27 - PUNTO DE ACCESO ADICIONAL DE MATERIA--NOMBRE DE ENTIDAD CORPORATIVA
Nombre de entidad corporativa o nombre de jurisdicción como elemento de entrada Sociedad Bilbaína.
Unidad subordinada Biblioteca-
Subdivisión de forma Catálogos
Fuente del encabezamiento o término
9 (RLIN) 162887
651 #4 - PUNTO DE ACCESO ADICIONAL DE MATERIA--NOMBRE GEOGRÁFICO
Nombre geográfico País Vasco-
Subdivisión de forma Bibliografías
9 (RLIN) 9147
700 1# - ENTRADA AGREGADA--NOMBRE PERSONAL
Nombre de persona Ugalde Fernández, Jesús.
9 (RLIN) 111886
700 1# - ENTRADA AGREGADA--NOMBRE PERSONAL
Nombre de persona Urquijo y Olano, Juan Ramón de.
9 (RLIN) 112213
852 ## - LOCALIZACIÓN
Ubicación ES-MaACL
Número de control de estantería C-30163-4
Sublocalización o colección R.61904
Holdings
Estatus retirado Estado de pérdida Estado de daño No para préstamo Colección Biblioteca de origen Biblioteca actual Ubicación en estantería Fecha de adquisición Fuente de adquisición Total de préstamos Signatura topográfica completa Código de barras Visto por última vez Precio de reemplazo Tipo de ítem Koha
        Colección de referencia Biblioteca del Ateneo de Madrid Biblioteca del Ateneo de Madrid Depósito 2 17/01/2008     C-30163-4 1154233 23/02/2023 23/02/2023 Libro impreso